| 000 | 00988cam a2200277 a 4500 | ||
|---|---|---|---|
| 001 | 1941023 | ||
| 003 | OSt | ||
| 005 | 20230619153311.0 | ||
| 008 | 860618s1985 nyu bs i000 0 eng | ||
| 010 | _a 86173609 | ||
| 020 | _a9211511542 (pbk.) | ||
| 040 |
_aDLC _cDLC _dDLC |
||
| 043 | _ad------ | ||
| 050 | 0 | 0 |
_aHB1323.C52 _bD447 1985 |
| 082 | 0 | 0 |
_a304.6/4/088054 _219 _bUN |
| 245 | 0 | 0 |
_aSocio-economic differentials in child mortality in developing countries / _cDepartment of International Economic and Social Affairs. |
| 260 |
_aNew York : _bUnited Nations, _c1985. |
||
| 300 |
_axi, 319 p. ; _c28 cm. |
||
| 500 | _a"ST/ESA/SER.A/97." | ||
| 500 | _a"United Nations publication sales no. E.85.XIII.7"--T.p. verso. | ||
| 504 | _aBibliography: p. 311-319. | ||
| 650 | 0 |
_aChildren _xMortality _zDeveloping countries. |
|
| 710 | 2 |
_aUnited Nations. _bDepartment of International Economic and Social Affairs. |
|
| 906 |
_a7 _bcbc _corignew _d3 _encip _f19 _gy-gencatlg |
||
| 942 |
_2ddc _cBK |
||
| 999 |
_c1388 _d1388 |
||